[Event "Agios Nikolaos op 3rd"]
[Site "Agios Ioannis"]
[Date "2019.08.29"]
[Round "5"]
[White "Toutoudakis, Angelos"]
[Black "Been, Klaas"]
[Result "0-1"]
[WhiteElo "1329"]
[BlackElo "1609"]
[PlyCount "86"]
[EventDate "2019.08.26"]
[EventType "swiss"]
[EventRounds "9"]
[EventCountry "GRE"]
[SourceTitle "EXT 2020"]
[Source "ChessBase"]
[SourceDate "2019.10.17"]
[SourceVersion "1"]
[SourceVersionDate "2019.10.17"]
[SourceQuality "1"]

1. e4 e5 2. Nf3 d6 3. Bc4 Be7 4. Nc3 Nf6 5. d3 h6 6. Be3 c6 7. Qd2 Nbd7 8. 0-0 0-0 9. a4 Qc7 10. Rfe1 b6 11. Ba2 Ng4 12. h3 Nxe3 13. fxe3 Nc5 14. d4 exd4 15. exd4 Ne6 16. Qd3 Ng5 17. Rf1 Bb7 18. Rae1 Rad8 19. Nd1 c5 20. Ne3 Bxe4 21. Qc3 Bxf3 22. gxf3 Nxh3+ 23. Kh2 Ng5 24. Nd5 Qb8 25. Nxe7+ Kh8 26. Nd5 Qc8 27. f4 Ne6 28. dxc5 dxc5 29. Re2 Nd4 30. Re7 Qf5 31. Ne3 Qh5+ 32. Kg2 Rd6 33. f5 Qg5+ 34. Kf2 Qxe7 35. Ke1 Nxc2+ 36. Qxc2 Qxe3+ 37. Qe2 Qc1+ 38. Kf2 Qd2 39. Qxd2 Rxd2+ 40. Kg1 Rxb2 41. Bc4 Rb4 42. Bb5 a6 43. Bxa6 Rxa4 0-1

[Event "Maastricht Limburg op-B 8th"]
[Site "Maastricht"]
[Date "2014.06.09"]
[Round "7"]
[White "Been, Klaas"]
[Black "Bauchmueller, Franz Josef"]
[Result "0-1"]
[WhiteElo "1799"]
[BlackElo "1789"]
[PlyCount "116"]
[EventDate "2014.06.06"]
[EventType "swiss"]
[EventRounds "7"]
[EventCountry "NED"]
[SourceTitle "EXT 2015"]
[Source "ChessBase"]
[SourceDate "2014.11.20"]
[SourceVersion "1"]
[SourceVersionDate "2014.11.20"]
[SourceQuality "1"]

1. d4 d5 2. Nf3 Bf5 3. e3 e6 4. Bd3 Bxd3 5. Qxd3 c6 6. Nbd2 Nf6 7. 0-0 Be7 8. Ne5 0-0 9. f3 Nbd7 10. f4 Nxe5 11. fxe5 Nd7 12. Nf3 c5 13. c3 c4 14. Qe2 b5 15. e4 Nb6 16. Bf4 h6 17. Bg3 a6 18. Rae1 Na4 19. exd5 Qxd5 20. Qc2 Nb6 21. a3 a5 22. Qd2 Nd7 23. Bh4 Bxh4 24. Nxh4 Nc5 25. Qe2 Nd3 26. Rd1 Qd8 27. Nf3 Qe7 28. Ne1 Nxe1 29. Qxe1 Rab8 30. Rf3 Rb7 31. Qg3 Kh7 32. Rdf1 f6 33. exf6 gxf6 34. Qh4 f5 35. Qf4 Rg8 36. Re1 Qf6 37. Qe5 Rg6 38. Qxf6 Rxf6 39. Rfe3 Rb6 40. Re5 a4 41. d5 exd5 42. Rxd5 Kg6 43. Ree5 f4 44. Kf2 Rbd6 45. Kf3 Rxd5 46. Rxd5 Rf5 47. Rd6+ Kg5 48. Rd4 h5 49. Rd6 Re5 50. Rd4 h4 51. Rxf4 Rd5 52. Rd4 Rxd4 53. cxd4 b4 54. Ke3 c3 55. Kd3 cxb2 56. Kc2 bxa3 57. g3 hxg3 58. hxg3 Kf5 0-1

[Event "Geraardsbergen op 28th"]
[Site "Geraardsbergen"]
[Date "2012.08.13"]
[Round "5"]
[White "Been, Klaas"]
[Black "Op 't Hoog, Joost"]
[Result "0-1"]
[WhiteElo "1639"]
[BlackElo "1862"]
[PlyCount "56"]
[EventDate "2012.08.11"]
[EventType "swiss"]
[EventRounds "9"]
[EventCountry "BEL"]
[SourceTitle "EXT 2013"]
[Source "ChessBase"]
[SourceDate "2012.11.22"]
[SourceVersion "1"]
[SourceVersionDate "2012.11.22"]
[SourceQuality "1"]

1. d4 b6 2. Nf3 Bb7 3. e3 e6 4. Bd3 f5 5. Nbd2 Nf6 6. 0-0 Be7 7. Re1 d5 8. Ne5 0-0 9. Ndf3 Bd6 10. Ng5 Qe8 11. f4 Nbd7 12. Bb5 Rc8 13. c3 c6 14. Be2 Ne4 15. Bh5 g6 16. Be2 Nxg5 17. Nxd7 Qxd7 18. fxg5 Qe7 19. Bf3 e5 20. dxe5 Bxe5 21. h4 Bg3 22. Re2 Bxh4 23. Qa4 Bg3 24. e4 fxe4 25. Bg4 Rc7 26. Qxa7 Bc8 27. Qxc7 Qxc7 28. Bxc8 Bh2+ 0-1

[Event "Geraardsbergen op 28th"]
[Site "Geraardsbergen"]
[Date "2012.08.11"]
[Round "1"]
[White "Been, Klaas"]
[Black "Hugaert, Arthur"]
[Result "0-1"]
[WhiteElo "1639"]
[BlackElo "2116"]
[PlyCount "72"]
[EventDate "2012.08.11"]
[EventType "swiss"]
[EventRounds "9"]
[EventCountry "BEL"]
[SourceTitle "EXT 2013"]
[Source "ChessBase"]
[SourceDate "2012.11.22"]
[SourceVersion "1"]
[SourceVersionDate "2012.11.22"]
[SourceQuality "1"]

1. d4 d5 2. Nf3 Nf6 3. e3 e6 4. Bd3 Bd6 5. Nbd2 0-0 6. 0-0 Nbd7 7. Re1 c5 8. c3 Qc7 9. e4 dxe4 10. Nxe4 Nxe4 11. Bxe4 cxd4 12. Qxd4 e5 13. Qd3 h6 14. Qe2 Nb6 15. Bc2 Bd7 16. Qd3 f5 17. Bb3+ Kh7 18. Qe3 e4 19. Ng5+ hxg5 20. Qxg5 Nc4 21. Qh5+ Kg8 22. Re3 Be8 23. Qh4 Rc8 24. Rh3 Bg6 25. Be3 Kf7 26. Bd4 Be7 27. Bxc4+ Qxc4 28. Qf4 Rh8 29. Rxh8 Rxh8 30. b3 Qe6 31. Qc7 Qc6 32. Qxc6 bxc6 33. Bxa7 Bf6 34. Rc1 Ra8 35. Bc5 Rxa2 36. b4 Bxc3 0-1

[Event "Maastricht Limburg op-C 6th"]
[Site "Maastricht"]
[Date "2012.05.27"]
[Round "5"]
[White "Been, Klaas"]
[Black "Oxener, Aldo"]
[Result "0-1"]
[WhiteElo "1738"]
[BlackElo "1513"]
[PlyCount "94"]
[EventDate "2012.05.25"]
[EventType "swiss"]
[EventRounds "7"]
[EventCountry "NED"]
[SourceTitle "EXT 2013"]
[Source "ChessBase"]
[SourceDate "2012.11.22"]
[SourceVersion "1"]
[SourceVersionDate "2012.11.22"]
[SourceQuality "1"]

1. d4 Nf6 2. Nf3 e6 3. e3 c5 4. Bd3 cxd4 5. exd4 d5 6. Nbd2 Bb4 7. c3 Bd6 8. 0-0 0-0 9. Re1 Nbd7 10. Ne5 Qc7 11. f4 Ne8 12. Qg4 f5 13. Qh3 Rf6 14. Ndf3 Rh6 15. Qg3 Ndf6 16. Ng5 Bxe5 17. fxe5 Nh5 18. Qf3 Qe7 19. h4 Bd7 20. Nh3 f4 21. Bxf4 Nxf4 22. Qxf4 Qxh4 23. Qxh4 Rxh4 24. Kh2 Nc7 25. Kg3 Rh6 26. Rh1 Rf8 27. Nf4 Rxh1 28. Rxh1 g6 29. b3 b5 30. Rc1 Kf7 31. c4 bxc4 32. bxc4 Rb8 33. cxd5 Nxd5 34. Nxd5 exd5 35. Rc7 Ke6 36. Rxa7 Rb4 37. Ra6+ Ke7 38. Kf3 Rxd4 39. Ke3 Rxd3+ 40. Kf4 Rd2 41. Kf3 d4 42. a4 d3 43. Ra7 Ke6 44. g4 Ra2 45. a5 d2 46. Ke2 Bb5+ 47. Kd1 Ba4+ 0-1

[Event "Maastricht Limburg op-C 6th"]
[Site "Maastricht"]
[Date "2012.05.26"]
[Round "3"]
[White "Been, Klaas"]
[Black "Beissel, Daniel"]
[Result "0-1"]
[WhiteElo "1738"]
[BlackElo "1611"]
[PlyCount "118"]
[EventDate "2012.05.25"]
[EventType "swiss"]
[EventRounds "7"]
[EventCountry "NED"]
[SourceTitle "EXT 2013"]
[Source "ChessBase"]
[SourceDate "2012.11.22"]
[SourceVersion "1"]
[SourceVersionDate "2012.11.22"]
[SourceQuality "1"]

1. d4 Nf6 2. Nf3 e6 3. e3 c5 4. Bd3 Nc6 5. c3 d5 6. Nbd2 Bd7 7. 0-0 cxd4 8. exd4 Be7 9. Re1 Rc8 10. Ne5 h6 11. f4 g5 12. fxg5 hxg5 13. Ndf3 Nh5 14. Nxd7 Kxd7 15. Bb5 Kc7 16. Bxc6 bxc6 17. Ne5 Qe8 18. Rf1 f6 19. Nd3 Bd6 20. h3 Qg6 21. Rf3 g4 22. hxg4 Ng3 23. Nf2 Qxg4 24. Qa4 Qh5 25. Qxa7+ Kd8 26. Nh3 Qg4 27. Bf4 Ne2+ 28. Kf2 Nxf4 29. Nxf4 Bxf4 30. Qf7 Bg5 31. Kg1 Qe4 32. Kf2 Qc2+ 33. Kg1 Qe2 34. Raf1 Be3+ 35. R3f2 Bxf2+ 36. Rxf2 Qe1+ 37. Rf1 Rh1+ 38. Kxh1 Qxf1+ 39. Kh2 Qf4+ 40. g3 Qd6 41. Qxf6+ Qe7 42. Qe5 Kd7 43. a4 Qh7+ 44. Kg2 Qc2+ 45. Kg1 Qb1+ 46. Kh2 Qxb2+ 47. Kh3 Re8 48. Qg7+ Re7 49. Qg6 Qxc3 50. Qb1 Qa5 51. Qb7+ Qc7 52. Qb1 Qa7 53. Qb4 Rh7+ 54. Kg2 Qa6 55. Qb2 Kc7 56. Qf2 Qxa4 57. Qf4+ Kd7 58. Qd2 Qa3 59. Qc2 Rg7 0-1

[Event "Delft Prinsenstad op-B"]
[Site "Delft"]
[Date "2012.04.08"]
[Round "6"]
[White "Bottema, Timo"]
[Black "Been, Klaas"]
[Result "1-0"]
[WhiteElo "1874"]
[BlackElo "1639"]
[PlyCount "79"]
[EventDate "2012.04.06"]
[EventType "swiss"]
[EventRounds "6"]
[EventCountry "NED"]
[SourceTitle "EXT 2013"]
[Source "ChessBase"]
[SourceDate "2012.11.22"]
[SourceVersion "1"]
[SourceVersionDate "2012.11.22"]
[SourceQuality "1"]

1. Nf3 d5 2. c4 e6 3. g3 Nf6 4. Bg2 Bd6 5. 0-0 Nbd7 6. cxd5 exd5 7. d4 0-0 8. Nc3 c6 9. Qc2 Re8 10. Nh4 Nf8 11. Nf5 Bxf5 12. Qxf5 Ne6 13. Rd1 g6 14. Qc2 Re7 15. a3 Qb6 16. e3 Rae8 17. Bd2 Ng5 18. Na4 Qc7 19. b4 Nfe4 20. Be1 f5 21. Nc5 h5 22. f4 Nh7 23. Nxe4 fxe4 24. h4 Qd7 25. Qb3 Nf6 26. a4 Rc8 27. Bf1 Qe6 28. Ra2 Rec7 29. Rc1 Kg7 30. Rac2 Be7 31. Rh2 Ng4 32. Bh3 Qf5 33. Qd1 Rh8 34. Qd2 Qf8 35. Bxg4 hxg4 36. Qd1 Qf5 37. b5 c5 38. dxc5 Rxc5 39. Qd4+ Kh6 40. Qxh8# 1-0

[Event "Maastricht Limburg op-C 5th"]
[Site "Maastricht"]
[Date "2011.06.12"]
[Round "4"]
[White "Heinen, Dai"]
[Black "Been, Klaas"]
[Result "1/2-1/2"]
[WhiteElo "1501"]
[BlackElo "1738"]
[PlyCount "119"]
[EventDate "2011.06.10"]
[EventType "swiss"]
[EventRounds "7"]
[EventCountry "NED"]
[SourceTitle "EXT 2012"]
[Source "ChessBase"]
[SourceDate "2011.11.24"]
[SourceVersion "1"]
[SourceVersionDate "2011.11.24"]
[SourceQuality "1"]

1. e4 e5 2. Nf3 Nc6 3. Bb5 a6 4. Ba4 Nf6 5. Bxc6 dxc6 6. Nxe5 Qd4 7. Nf3 Qxe4+ 8. Qe2 Qxe2+ 9. Kxe2 Bg4 10. h3 Bh5 11. Re1 0-0-0 12. d3 Nd5 13. a3 Bd6 14. Nbd2 f6 15. Kf1 g5 16. Nd4 Be5 17. N2f3 Bxf3 18. Nxf3 Bd6 19. Bd2 h5 20. g3 g4 21. hxg4 hxg4 22. Nh4 Ne7 23. Bc3 Rhf8 24. Re6 Nd5 25. Bd2 Kd7 26. Re2 Rh8 27. Kg2 Nf4+ 28. Bxf4 Rxh4 29. gxh4 Bxf4 30. Re4 Be5 31. d4 Bd6 32. Rxg4 f5 33. Rg7+ Ke6 34. Kf3 Rh8 35. Rag1 Rxh4 36. c3 Kd5 37. R7g5 Rf4+ 38. Ke3 Kc4 39. f3 c5 40. dxc5 Kxc5 41. Rd1 Be5 42. b3 b5 43. Rd7 Kc6 44. Rf7 Rh4 45. Rgxf5 Bxc3 46. Kd3 Bb2 47. Rf4 Rxf4 48. Rxf4 Bxa3 49. Re4 a5 50. f4 Kd7 51. f5 Be7 52. Re6 a4 53. bxa4 bxa4 54. Ra6 a3 55. f6 Bd6 56. Kd4 Ke6 57. f7 Kxf7 58. Kd5 Ke7 59. Kc6 Ke6 60. Rxa3 1/2-1/2

[Event "Maastricht Limburg op-C 4th"]
[Site "Maastricht"]
[Date "2010.05.24"]
[Round "6"]
[White "Dekens, Joop"]
[Black "Been, Klaas"]
[Result "0-1"]
[WhiteElo "1601"]
[BlackElo "1735"]
[PlyCount "103"]
[EventDate "2010.05.21"]
[EventType "swiss"]
[EventRounds "7"]
[EventCountry "NED"]
[SourceTitle "EXT 2011"]
[Source "ChessBase"]
[SourceDate "2010.11.26"]
[SourceVersion "1"]
[SourceVersionDate "2010.11.26"]
[SourceQuality "1"]

1. e4 e5 2. Nf3 Nc6 3. Bb5 a6 4. Ba4 Nf6 5. 0-0 d6 6. Re1 b5 7. Bb3 Be7 8. c3 0-0 9. h3 Na5 10. Bc2 c5 11. d4 cxd4 12. cxd4 Qc7 13. Nbd2 Bd7 14. b4 Nc6 15. d5 Nxb4 16. Bb3 Rfc8 17. Ba3 Nd3 18. Re3 Nf4 19. Nxe5 Be8 20. Nef3 a5 21. Rc1 Qb7 22. Nd4 a4 23. Bc2 b4 24. Bb2 a3 25. Ba1 Bd8 26. Nf5 Qa6 27. Rf3 Ne2+ 28. Kh2 Nxc1 29. Rg3 g6 30. Nh6+ Kf8 31. Qf3 Rxc2 32. Bxf6 Rc3 33. Bxc3 bxc3 34. Qxc3 Ne2 35. Qh8+ Ke7 36. Rf3 Kd7 37. Nb1 Qb5 38. Nxa3 Rxa3 39. Rxa3 Qb1 40. h4 Qg1+ 41. Kh3 Qh1+ 42. Kg4 Qxh4+ 43. Kf3 Ng1+ 44. Ke3 Qxh6+ 45. Kd3 Qc1 46. Ra7+ Bc7 47. Ra8 Qb1+ 48. Ke3 Bb8 49. Kf4 Qc1+ 50. Kg4 h5+ 51. Kg3 Qb1 52. Qc3 0-1

[Event "Maastricht Limburg op-C 4th"]
[Site "Maastricht"]
[Date "2010.05.24"]
[Round "7"]
[White "Van Steenwinckel, Hugo"]
[Black "Been, Klaas"]
[Result "1-0"]
[WhiteElo "1645"]
[BlackElo "1735"]
[PlyCount "41"]
[EventDate "2010.05.21"]
[EventType "swiss"]
[EventRounds "7"]
[EventCountry "NED"]
[SourceTitle "EXT 2011"]
[Source "ChessBase"]
[SourceDate "2010.11.26"]
[SourceVersion "1"]
[SourceVersionDate "2010.11.26"]
[SourceQuality "1"]

1. e4 e5 2. Nf3 Nc6 3. d4 exd4 4. Nxd4 Bc5 5. Be3 Qf6 6. c3 Nge7 7. Bc4 Nxd4 8. cxd4 Bb4+ 9. Nc3 Bxc3+ 10. bxc3 Qg6 11. Qf3 0-0 12. 0-0 Qc6 13. Bb3 Qxc3 14. Rac1 Qa5 15. Rc5 Qb6 16. Qg3 d6 17. Rg5 Ng6 18. h4 Kh8 19. h5 h6 20. hxg6 hxg5 21. Qh2+ 1-0

[Event "Maastricht Limburg op-C 4th"]
[Site "Maastricht"]
[Date "2010.05.23"]
[Round "4"]
[White "Visse, Bernard"]
[Black "Been, Klaas"]
[Result "0-1"]
[WhiteElo "1641"]
[BlackElo "1735"]
[PlyCount "97"]
[EventDate "2010.05.21"]
[EventType "swiss"]
[EventRounds "7"]
[EventCountry "NED"]
[SourceTitle "EXT 2011"]
[Source "ChessBase"]
[SourceDate "2010.11.26"]
[SourceVersion "1"]
[SourceVersionDate "2010.11.26"]
[SourceQuality "1"]

1. d4 d5 2. Bf4 Nf6 3. e3 e6 4. Nf3 Nbd7 5. Nbd2 Be7 6. Ne5 0-0 7. Bd3 Nxe5 8. dxe5 Ne8 9. Qh5 g6 10. Qh6 Ng7 11. h4 Nh5 12. g4 Nxf4 13. exf4 Re8 14. h5 Bf8 15. Qg5 Qxg5 16. fxg5 Bg7 17. Nf3 Bd7 18. 0-0-0 c5 19. c3 Bc6 20. Rde1 Rac8 21. Rh3 Red8 22. Bc2 b5 23. Nd2 b4 24. f4 bxc3 25. Rxc3 Bb5 26. Rg3 Bc6 27. f5 exf5 28. gxf5 Re8 29. fxg6 fxg6 30. hxg6 h6 31. gxh6 Bxh6 32. g7 Re7 33. Rh1 Rxg7 34. Rxg7+ Kxg7 35. Rg1+ Kf8 36. Rg6 Bg7 37. e6 Be5 38. Kd1 Bxb2 39. Bf5 Rc7 40. Kc2 Be5 41. Nf3 Ba4+ 42. Kd2 Bf4+ 43. Ke2 Bb5+ 44. Kf2 d4 45. Ng5 Be3+ 46. Kg3 Bxg5 47. Rxg5 Rg7 48. Rxg7 Kxg7 49. Kf4 0-1

[Event "Delft Prinsenstad op-B"]
[Site "Delft"]
[Date "2010.04.03"]
[Round "2"]
[White "Hill, Nick"]
[Black "Been, Klaas"]
[Result "1-0"]
[WhiteElo "1828"]
[BlackElo "1699"]
[PlyCount "57"]
[EventDate "2010.04.02"]
[EventType "swiss"]
[EventRounds "6"]
[EventCountry "NED"]
[SourceTitle "EXT 2013"]
[Source "ChessBase"]
[SourceDate "2012.11.22"]
[SourceVersion "1"]
[SourceVersionDate "2012.11.22"]
[SourceQuality "1"]

1. d4 d5 2. Nf3 Nf6 3. e3 e6 4. Bd3 c5 5. c3 Nbd7 6. Nbd2 Be7 7. 0-0 0-0 8. e4 dxe4 9. Nxe4 b6 10. Bg5 Bb7 11. Qc2 Bxe4 12. Bxe4 Nxe4 13. Bxe7 Qxe7 14. Qxe4 Nf6 15. Qe2 Rad8 16. Rfe1 cxd4 17. Nxd4 Qb7 18. Rad1 Rd5 19. Rd2 Rg5 20. Qf3 Qa6 21. a3 Rd8 22. Nxe6 Re8 23. Rd8 fxe6 24. Rxe8+ Nxe8 25. Rxe6 Qc8 26. Re7 Nf6 27. Rxa7 Rf5 28. Ra8 Rxf3 29. Rxc8+ 1-0